书目信息 |
| 题名: |
给水管道听漏技术及案例分析
|
|
| 作者: | 郑少博 编著 | |
| 分册: | ||
| 出版信息: | 北京 机械工业出版社 2020.03 |
|
| 页数: | 183页 | |
| 开本: | 21cm | |
| 丛书名: | ||
| 单 册: | ||
| 中图分类: | TU991.61 | |
| 科图分类: | ||
| 主题词: | 给水管道--gei shui guan dao--检漏--研究 | |
| 电子资源: | ||
| ISBN: | 978-7-111-64234-3 | |
| 000 | 01041nam0 2200241 450 | |
| 001 | 2045739555 | |
| 005 | 20201107124226.91 | |
| 010 | @a978-7-111-64234-3@dCNY39.00 | |
| 100 | @a20200428d2020 em y0chiy50 ea | |
| 101 | 0 | @achi |
| 102 | @aCN@b110000 | |
| 105 | @aa a 000yy | |
| 200 | 1 | @a给水管道听漏技术及案例分析@Aji shui guan dao ting lou ji shu ji an li fen xi@f郑少博 ... [等] 编著 |
| 210 | @a北京@c机械工业出版社@d2020.03 | |
| 215 | @a183页@c图@d21cm | |
| 304 | @a题名页题其余责任者: 徐学良, 曹建树, 张春海, 马进乐, 蒋观琪等 | |
| 320 | @a有书目 | |
| 330 | @a本书以一线给水管道听漏技术人员最需要的经验和理论为基础, 总结了北京市自来水集团禹通市政工程有限公司多年来的大量现场试验和听漏专家的技术经验, 结合国内外听漏技术最新发展, 着重介绍听漏技术、听漏方法、听漏常用仪器、不同工况下的听漏仪器使用方法和听漏实例分析, 并给出大量听漏案例。 | |
| 606 | 0 | @a给水管道@Agei shui guan dao@x检漏@x研究 |
| 690 | @aTU991.61@v5 | |
| 701 | 0 | @a郑少博@Azheng shao bo@4编著 |
| 801 | 0 | @aCN@b人天书店@c20200926 |
| 905 | @aZUCC@dTU991.61@eZ445 | |
| 给水管道听漏技术及案例分析/郑少博 ... [等] 编著.-北京:机械工业出版社,2020.03 |
| 183页:图;21cm |
| ISBN 978-7-111-64234-3:CNY39.00 |
| 本书以一线给水管道听漏技术人员最需要的经验和理论为基础, 总结了北京市自来水集团禹通市政工程有限公司多年来的大量现场试验和听漏专家的技术经验, 结合国内外听漏技术最新发展, 着重介绍听漏技术、听漏方法、听漏常用仪器、不同工况下的听漏仪器使用方法和听漏实例分析, 并给出大量听漏案例。 |
| ● |
| 相关链接 |
|
|
|
正题名:给水管道听漏技术及案例分析
索取号:TU991.61/Z445
 
预约/预借
| 序号 | 登录号 | 条形码 | 馆藏地/架位号 | 状态 | 备注 |
| 1 | 1485240 | 214852408 | 建筑库201/201建筑库 134排2列4层/ [索取号:TU991.61/Z445] | 在馆 | |
| 2 | 1485241 | 214852417 | 建筑库201/201建筑库 134排2列4层/ [索取号:TU991.61/Z445] | 在馆 |